High Risk Pregnancy (Record no. 6311)
[ view plain ]
| 000 -LEADER | |
|---|---|
| fixed length control field | 00320nam a2200133Ia 4500 |
| 020 ## - INTERNATIONAL STANDARD BOOK NUMBER | |
| International Standard Book Number | 8181479254 |
| 082 ## - DEWEY DECIMAL CLASSIFICATION NUMBER | |
| Classification number | 618.3 |
| Edition number | 3RD |
| Author Mark | JAM |
| 100 ## - MAIN ENTRY--PERSONAL NAME | |
| Author Name | K.K. James, P. J. Steer |
| 245 #0 - TITLE STATEMENT | |
| Title | High Risk Pregnancy |
| 260 ## - PUBLICATION, DISTRIBUTION, ETC. | |
| Name of publisher, distributor, etc. | Elsevier |
| Date of publication, distribution, etc. | 2006 |
| 300 ## - PHYSICAL DESCRIPTION | |
| No of Pages | 1791,xxv |
| illustrations | ill |
| Dimensions | 26cm |
| 650 ## - SUBJECT ADDED ENTRY--TOPICAL TERM | |
| Subject | High Risk Pregnancy |
| 942 ## - ADDED ENTRY ELEMENTS (KOHA) | |
| Koha item type | Books |
| Source of classification or shelving scheme | |
| Edition | 3rd |
| 952 ## - LOCATION AND ITEM INFORMATION (KOHA) | |
| -- | 2018-03-16 |
| Withdrawn status | Lost status | Source of classification or shelving scheme | Damaged status | Not for loan | Home library | Current library | Shelving location | Date acquired | Total Checkouts | Full call number | Barcode | Date last seen | Date last checked out | Koha item type |
|---|---|---|---|---|---|---|---|---|---|---|---|---|---|---|
| Islamabad Medical and Dental College | Islamabad Medical and Dental College | Islamabad Medical and Dental College | 16/03/2018 | 3 | 618.3 JAM | 8067 | 09/04/2025 | 27/03/2025 | Books |
